| 000 | 00570cam a22002291 4500 | ||
|---|---|---|---|
| 001 | sa 64001107 | ||
| 003 | DLC | ||
| 005 | 20260227112000.0 | ||
| 008 | 890227s1963 xx 000 0 ben | ||
| 010 | _asa 64001107 | ||
| 035 | _a(OCoLC)23571170 | ||
| 040 |
_aDLC _cMiU _dDLC |
||
| 042 | _apremarc | ||
| 050 | 0 | 0 |
_aDS481.G397 _bA4 1960 |
| 100 | 1 |
_aGhose, Atulya, _d1904- |
|
| 245 | 1 | 0 | _aPatrālī. |
| 260 | _c[1963] | ||
| 300 |
_a53 p. _billus., port. _c22 cm. |
||
| 500 | _aIn Bengali. | ||
| 500 | _aLetters addressed to Mirā Datta. | ||
| 700 | 1 | _aDatta, Mirā. | |
| 999 |
_c56575 _d56575 |
||